00329nam a22001337a 4500003000400000008004100004020001800045082001600063100001200079245005600091260002300147300000800170650001700178OSt230102b ||||| |||| 00| 0 eng d a9780143425243 a338.040 PEG aPENGUIN aThe Portfolio Book of Great Indian Business Stories aUSAbPENGUINc2015 a309 aGeneral Book